000
00296nam a2200109Ia 4500
008
230907s9999||||xx |||||||||||||| ||und||
082
_a
697
_b
BAS
100
_a
Bas, Ed
_9
115793
245
_a
Indoor air quality: a guide for facility managers /
_c
Ed Bas.
260
_c
2019-09-27
942
_2
ddc
_c
EB
999
_c
599640
_d
599640